Les homosexuels /

Uloženo v:
Podrobná bibliografie
Hlavní autoři: Daniel, Marc (Autor), Baudry, Andre (Autor)
Médium: Kniha
Jazyk:francouzština
Vydáno: Tournai : Casterman, [1973?]
Edice:Vie affective et sexuelle ; 26
Tagy: Přidat tag
Žádné tagy, Buďte první, kdo vytvoří štítek k tomuto záznamu!

MARC

LEADER 00000nam a22000001i 4500
001 IT\ICCU\UBO\1784422
003 ItRI
005 20240312182502.0
008 020722s1973 be |||||| ||||| |||||c
040 |b ita  |c GP 
041 7 |a fre  |2 ISO-639-2 
100 1 |a Daniel, Marc  |0 IT\ICCU\RAVV\050327  |4 aut 
245 1 4 |a Les homosexuels /  |c Marc Daniel et Andre Baudry. 
260 |a Tournai :  |b Casterman,  |c [1973?] 
300 |a 150 p. ;  |c 18 cm. 
700 1 |a Baudry, Andre  |0 IT\ICCU\RAVV\050328  |4 aut 
830 0 |a Vie affective et sexuelle ;  |v 26  |0 IT\ICCU\UBO\1784437 
942 |2 ddc  |c BK 
952 |0 0  |1 0  |2 ddc  |4 0  |6 306_766000000000000_DAN  |7 1  |9 1000  |a RM  |b RM  |d 2024-03-12  |l 0  |o 306.766 DAN  |p 491  |r 2024-03-12 18:25:24  |w 2024-03-12  |y BK 
981 1 |6 z01  |a i   |b xxxe  
982 1 |6 z01  |a n 
999 |c 911  |d 911